Κατάλογος Βιβλιοθηκών Mediterranean College

Γενική Συνέλευση Κ.Ε.Ε.: Να Καταργηθεί η Άρση της Υποχρεωτικότητας Εγγραφής των Επιχειρήσεων στα Επιμελητήρια / Συνέδριο στο Ε.Β.Ε.Α. Περιφερειακή Ανάπτυξη και Κοινωνική Επιχειρηματικότητα (Record no. 8983)

MARC details
000 -LEADER
fixed length control field 01519cam a22001814a 4500
005 - ΗΜΕΡΟΜΗΝΙΑ ΚΑΙ ΩΡΑ ΤΕΛΕΥΤΑΙΑΣ ΕΝΗΜΕΡΩΣΗΣ
Πεδίο ελέγχου 20250605164349.0
008 - FIXED-LENGTH DATA ELEMENTS--GENERAL INFORMATION
Πεδίο ελέγχου σταθερού μήκους 250528s ||||||||||||||||||||||||d
035 ## - SYSTEM CONTROL NUMBER
System control number 24084
040 ## - ΠΗΓΗ ΚΑΤΑΛΟΓΟΓΡΑΦΗΣΗΣ
Φορέας πρωτότυπης καταλογογράφησης MC Athens Campus Library
Γλώσσα καταλογογράφησης Ελληνικά, Μοντέρνα (1453-)
Modifying agency MC Athens Campus Library
Κανόνες περιγραφικής καταλογογράφησης AACR2
245 1# - ΤΙΤΛΟΣ ΚΑΙ ΔΗΛΩΣΗ ΥΠΕΥΘΥΝΟΤΗΤΑΣ
Τίτλος Γενική Συνέλευση Κ.Ε.Ε.: Να Καταργηθεί η Άρση της Υποχρεωτικότητας Εγγραφής των Επιχειρήσεων στα Επιμελητήρια / Συνέδριο στο Ε.Β.Ε.Α. Περιφερειακή Ανάπτυξη και Κοινωνική Επιχειρηματικότητα
260 ## - PUBLICATION, DISTRIBUTION, ETC.
Name of publisher, distributor, etc. Εμπορικό Και Βιομηχανικό Επιμελητήριο Αθηνών,
Date of publication, distribution, etc. 2014
300 ## - PHYSICAL DESCRIPTION
Extent 64
520 ## - SUMMARY, ETC.
Summary, etc. Ολοκληρωμένη Πρωτοβουλία για την Επιχειρηματικότητα και την Απασχόληση στη Γλυφάδα, Άλλη μία Λανθασμένη Επιλογή σε Βάρος της Επιχειρηματικότητας, Οι Κρίσιμες Κάλπες του Μαϊου, Ποιές Αλλαγές Φέρνει το Πολυνομοσχέδιο, Συσπείρωση και Συνεργασία και Δράση, Το Κόστος της Ύφεσης, Αποζημειώσεις για Θύματα των Καρτέλ, Υπάρχουν και Καλά Δάνεια, Το Νέο Ρυθμιστικό της Αθήνας.
700 1# - ΠΡΟΣΘΕΤΗ ΑΝΑΓΡΑΦΗ--ΦΥΣΙΚΟ ΠΡΟΣΩΠΟ
Personal name Μίχαλος Κωνσταντίνος
9 (RLIN) 4319
942 ## - ADDED ENTRY ELEMENTS (KOHA)
Koha item type Περιοδικά Δημοσιεύματα
Holdings
Τύπος τεκμηρίου Βιβλιοθήκη Τρέχουσα τοποθεσία Barcode Ημερομηνία απόκτησης Ταξιθετικό σύμβολο Αριθμός αντιτύπου Αρίθμηση σειρών / χρονολογία Κατάσταση απόσυρσης Κατάσταση χαμένου Κατάσταση κατεστραμμένου Μη δανεισμός Σύνολο δανεισμών Ημερομηνία τελευταίας εμφάνισης Η τιμή ισχύει από
Περιοδικά Δημοσιεύματα MC Athens Campus Library MC Athens Campus Library 9780000089823 05/06/2025 ΑΝΑΠΤΥΞΗ 1 4           05/06/2025 05/06/2025

MC Athens Campus Library
Πατησίων 94 & Κοδριγκτώνος 13, 104 34
Πελλήνης 8 & Πατησίων 107, 112 51
Τ: +30 210 8899600

MC Thessaloniki Campus Library
Ίωνος Δραγούμη 21, 54625 | Ίωνος Δραγούμη 15, 54625
Τ: +30 2310 287779 – Τ: +30 2314 440300